| 000 | 00624nam a2200229Ia 4500 | ||
|---|---|---|---|
| 003 | OSt | ||
| 005 | 20220928111158.0 | ||
| 006 | a|||||r|||| 00| 0 | ||
| 007 | ta | ||
| 008 | 220927b |||||||| |||| 00| 0 eng d | ||
| 024 | _a49969 | ||
| 037 | _cAnnuals, Advances | ||
| 040 |
_aSDCL _cSDCL _beng |
||
| 041 |
_2eng _aeng |
||
| 082 | _aO152,2N501,1, L5 | ||
| 100 |
_aSharma Kiranchandra _9407042 |
||
| 245 | 0 | _aMandir ki charpai. | |
| 260 |
_aDelhi _bNatya Bharati _c1975 |
||
| 300 |
_a63p. _ccm. |
||
| 942 |
_hO152,2N501,1, L5 _cREF _2CC |
||
| 999 |
_c738553 _d738553 |
||